[Event "2017 Oceania Zone 3.6 Zonal Womens Championship"]
[Site "Auckland, NZL"]
[Date "2017.01.17"]
[Round "6.1"]
[White "Qin, Joy Shu Yan"]
[Black "Timergazi, Layla"]
[Result "0-1"]
[LiveChessVersion "1.4.7"]
[BlackElo "2069"]
[WhiteElo "1708"]

1. e4 {[%clk 1:30:58]} c6 {[%clk 1:30:53]} 2. d4 {[%clk 1:31:02]} d5
{[%clk 1:31:16]} 3. exd5 {[%clk 1:30:55]} cxd5 {[%clk 1:31:41]} 4. c4
{[%clk 1:30:49]} Nf6 {[%clk 1:31:58]} 5. Nc3 {[%clk 1:30:05]} e6 {[%clk 1:32:17]}
6. Nf3 {[%clk 1:29:25]} Nc6 {[%clk 1:31:12]} 7. cxd5 {[%clk 1:25:19]} Nxd5
{[%clk 1:29:17]} 8. Be2 {[%clk 1:22:10]} Be7 {[%clk 1:29:17]} 9. O-O
{[%clk 1:21:26]} O-O {[%clk 1:29:29]} 10. a3 {[%clk 1:16:46]} Bf6
{[%clk 1:29:08]} 11. Be3 {[%clk 1:15:35]} b6 {[%clk 1:26:59]} 12. Qd2
{[%clk 1:13:50]} Bb7 {[%clk 1:26:38]} 13. Rfd1 {[%clk 1:09:03]} Rc8
{[%clk 1:24:38]} 14. Ne4 {[%clk 1:03:40]} Nxe3 {[%clk 1:22:26]} 15. Nxf6+
{[%clk 1:02:00]} Qxf6 {[%clk 1:22:43]} 16. fxe3 {[%clk 1:00:18]} Na5
{[%clk 1:22:31]} 17. Qd3 {[%clk 0:59:04]} Bd5 {[%clk 1:16:57]} 18. Ne5
{[%clk 0:55:12]} Qg5 {[%clk 1:16:18]} 19. e4 {[%clk 0:52:25]} Bc4
{[%clk 1:15:06]} 20. Qf3 {[%clk 0:48:42]} Bxe2 {[%clk 1:13:48]} 21. Qxe2
{[%clk 0:48:45]} Nb3 {[%clk 1:13:57]} 22. Nf3 {[%clk 0:47:33]} Qf4
{[%clk 1:09:51]} 23. Rab1 {[%clk 0:46:58]} Rfd8 {[%clk 1:09:13]} 24. d5
{[%clk 0:38:41]} exd5 {[%clk 1:08:23]} 25. exd5 {[%clk 0:38:40]} Nc5
{[%clk 1:05:08]} 26. Rd4 {[%clk 0:35:59]} Qf5 {[%clk 1:03:52]} 27. Rbd1
{[%clk 0:33:00]} Re8 {[%clk 1:01:20]} 28. Qf1 {[%clk 0:30:22]} Re7
{[%clk 0:54:18]} 29. b4 {[%clk 0:25:55]} Na4 {[%clk 0:52:46]} 30. d6
{[%clk 0:22:26]} Re3 {[%clk 0:49:21]} 31. d7 {[%clk 0:18:39]} Rd8
{[%clk 0:49:19]} 32. Rc4 {[%clk 0:16:12]} h6 {[%clk 0:45:40]} 33. Rc8
{[%clk 0:14:11]} Rxc8 {[%clk 0:43:44]} 34. d8=Q+ {[%clk 0:09:42]} Rxd8
{[%clk 0:44:10]} 35. Rxd8+ {[%clk 0:10:06]} Kh7 {[%clk 0:44:37]} 36. Ra8
{[%clk 0:06:54]} Re7 {[%clk 0:33:29]} 37. Qf2 {[%clk 0:04:05]} Nc3
{[%clk 0:31:23]} 38. h3 {[%clk 0:02:22]} Ne2+ {[%clk 0:30:37]} 39. Kh1
{[%clk 0:01:45]} Qf4 {[%clk 0:26:57]} 40. Rc8 {[%clk 0:31:11]} Ng3+
{[%clk 0:55:15]} 41. Kg1 {[%clk 0:31:16]} Re2 {[%clk 0:53:55]} 42. Qd4
{[%clk 0:30:01]} Re1+ {[%clk 0:53:57]} 43. Nxe1 {[%clk 0:28:03]} Ne2+ 0-1

[Event "2017 Oceania Zone 3.6 Zonal Womens Championship"]
[Site "Auckland, NZL"]
[Date "2017.01.17"]
[Round "6.2"]
[White "Hardegen, Kathryn"]
[Black "Chibnall, Alana"]
[Result "1/2-1/2"]
[LiveChessVersion "1.4.7"]
[BlackElo "1842"]
[WhiteElo "1797"]

1. d4 {[%clk 1:30:56]} Nf6 {[%clk 1:30:49]} 2. c4 {[%clk 1:31:12]} g6
{[%clk 1:31:08]} 3. Nc3 {[%clk 1:30:59]} Bg7 {[%clk 1:31:21]} 4. e4
{[%clk 1:30:18]} d6 {[%clk 1:31:38]} 5. Nf3 {[%clk 1:29:29]} O-O {[%clk 1:31:07]}
6. Bg5 {[%clk 1:28:47]} a6 {[%clk 1:24:39]} 7. Qd2 {[%clk 1:28:42]} c6
{[%clk 1:24:23]} 8. a4 {[%clk 1:24:24]} Nbd7 {[%clk 1:21:22]} 9. Be2
{[%clk 1:22:53]} e5 {[%clk 1:13:36]} 10. Rd1 {[%clk 1:05:22]} Qa5
{[%clk 1:08:03]} 11. d5 {[%clk 0:59:46]} c5 {[%clk 1:00:40]} 12. O-O
{[%clk 0:55:25]} Nh5 {[%clk 0:54:46]} 13. g3 {[%clk 0:33:38]} Ndf6
{[%clk 0:49:27]} 14. Nh4 {[%clk 0:31:56]} Bh3 {[%clk 0:46:11]} 15. Ng2
{[%clk 0:32:24]} Rae8 {[%clk 0:41:25]} 16. f3 {[%clk 0:29:44]} Nd7
{[%clk 0:38:00]} 17. Bh6 {[%clk 0:27:24]} f5 {[%clk 0:28:34]} 18. Bxg7
{[%clk 0:27:48]} Nxg7 {[%clk 0:28:47]} 19. Qh6 {[%clk 0:24:57]} Bxg2
{[%clk 0:28:26]} 20. Kxg2 {[%clk 0:25:24]} f4 {[%clk 0:28:20]} 21. Qh3
{[%clk 0:24:31]} Qd8 {[%clk 0:27:13]} 22. Kf2 {[%clk 0:22:37]} Re7
{[%clk 0:25:32]} 23. Ra1 {[%clk 0:21:07]} Qb6 {[%clk 0:22:37]} 24. Rfb1
{[%clk 0:20:31]} Qb4 {[%clk 0:22:18]} 25. a5 {[%clk 0:19:56]} fxg3+
{[%clk 0:19:27]} 26. hxg3 {[%clk 0:20:18]} b5 {[%clk 0:19:07]} 27. cxb5
{[%clk 0:18:02]} axb5 {[%clk 0:17:37]} 28. Bxb5 {[%clk 0:12:33]} Qd4+
{[%clk 0:16:49]} 29. Kg2 {[%clk 0:11:15]} Qd2+ {[%clk 0:16:07]} 30. Be2
{[%clk 0:11:21]} Nh5 {[%clk 0:12:33]} 31. Kh1 {[%clk 0:06:04]} Qh6
{[%clk 0:07:45]} 32. g4 {[%clk 0:05:45]} Ng3+ {[%clk 0:07:14]} 33. Kg2
{[%clk 0:06:13]} Qxh3+ {[%clk 0:07:37]} 34. Kxh3 {[%clk 0:05:52]} Nxe2
{[%clk 0:08:04]} 35. Nxe2 {[%clk 0:05:44]} Rxf3+ {[%clk 0:08:29]} 36. Kg2
{[%clk 0:05:33]} Rb3 {[%clk 0:07:50]} 37. Nc3 {[%clk 0:04:44]} Nf6
{[%clk 0:06:50]} 38. a6 {[%clk 0:04:45]} Ra7 {[%clk 0:07:07]} 39. g5
{[%clk 0:04:18]} Nh5 {[%clk 0:07:11]} 40. Ra5 {[%clk 0:33:33]} Rb6
{[%clk 0:34:14]} 41. Rba1 {[%clk 0:31:53]} Ng7 {[%clk 0:27:43]} 42. Nb5
{[%clk 0:31:23]} Ra8 {[%clk 0:28:08]} 43. Nc7 {[%clk 0:30:47]} Ra7
{[%clk 0:28:32]} 1/2-1/2

[Event "2017 Oceania Zone 3.6 Zonal Womens Championship"]
[Site "Auckland, NZL"]
[Date "2017.01.17"]
[Round "6.3"]
[White "Qin, Nicole Shu Yu"]
[Black "Yao, Licia"]
[Result "1-0"]
[LiveChessVersion "1.4.7"]
[BlackElo "1687"]
[WhiteElo "1327"]

1. d4 {[%clk 1:30:57]} d5 {[%clk 1:30:56]} 2. c4 {[%clk 1:31:17]} e6
{[%clk 1:31:21]} 3. Nc3 {[%clk 1:30:42]} Nf6 {[%clk 1:31:00]} 4. Nf3
{[%clk 1:29:03]} Be7 {[%clk 1:31:06]} 5. e3 {[%clk 1:25:39]} O-O {[%clk 1:31:21]}
6. Bd3 {[%clk 1:23:09]} Nbd7 {[%clk 1:31:09]} 7. O-O {[%clk 1:20:35]} b6
{[%clk 1:30:11]} 8. Qc2 {[%clk 1:18:29]} Bb7 {[%clk 1:29:24]} 9. e4
{[%clk 1:12:52]} dxe4 {[%clk 1:28:54]} 10. Nxe4 {[%clk 1:12:56]} h6
{[%clk 1:15:18]} 11. Be3 {[%clk 1:06:04]} Qc8 {[%clk 1:11:09]} 12. h3
{[%clk 1:03:23]} c5 {[%clk 1:10:47]} 13. Nfd2 {[%clk 1:00:02]} cxd4
{[%clk 1:08:10]} 14. Bxd4 {[%clk 1:00:03]} Rd8 {[%clk 0:53:10]} 15. Nxf6+
{[%clk 0:53:55]} Nxf6 {[%clk 0:52:27]} 16. Bc3 {[%clk 0:51:55]} Qc6
{[%clk 0:46:19]} 17. Nf3 {[%clk 0:49:12]} Nh5 {[%clk 0:44:33]} 18. Rfe1
{[%clk 0:44:50]} Nf4 {[%clk 0:29:52]} 19. Be4 {[%clk 0:42:09]} Qc8
{[%clk 0:29:30]} 20. Ne5 {[%clk 0:31:00]} Bf6 {[%clk 0:21:03]} 21. Bh7+
{[%clk 0:30:01]} Kf8 {[%clk 0:21:23]} 22. Bb4+ {[%clk 0:29:46]} Be7
{[%clk 0:19:56]} 23. Bxe7+ {[%clk 0:23:02]} Kxe7 {[%clk 0:20:16]} 24. Be4
{[%clk 0:20:16]} Rd4 {[%clk 0:19:24]} 25. Rad1 {[%clk 0:13:13]} Bxe4
{[%clk 0:19:03]} 26. Rxe4 {[%clk 0:13:13]} Rxd1+ {[%clk 0:19:20]} 27. Qxd1
{[%clk 0:13:04]} Qc7 {[%clk 0:16:23]} 28. Rxf4 {[%clk 0:08:07]} Qxe5
{[%clk 0:16:47]} 29. Qf3 {[%clk 0:08:01]} Rf8 {[%clk 0:15:48]} 30. Qa3+
{[%clk 0:07:30]} Ke8 {[%clk 0:14:53]} 31. Rf3 {[%clk 0:06:34]} Qe1+
{[%clk 0:11:44]} 32. Kh2 {[%clk 0:06:56]} Qe5+ {[%clk 0:12:02]} 33. g3
{[%clk 0:05:44]} Qe2 {[%clk 0:10:48]} 34. Qa4+ {[%clk 0:05:16]} Kd8
{[%clk 0:11:01]} 35. Qb3 {[%clk 0:04:09]} Kc7 {[%clk 0:10:38]} 36. Qa3
{[%clk 0:03:41]} Rd8 {[%clk 0:01:47]} 37. Qxa7+ {[%clk 0:02:01]} Kc8
{[%clk 0:01:31]} 38. Rxf7 {[%clk 0:01:37]} 1-0

[Event "2017 Oceania Zone 3.6 Zonal Womens Championship"]
[Site "Auckland, NZL"]
[Date "2017.01.17"]
[Round "6.4"]
[White "Shen, Fiona"]
[Black "Zhang, Jasmine Haomo"]
[Result "0-1"]
[LiveChessVersion "1.4.7"]
[BlackElo "1719"]
[WhiteElo "1658"]

1. d4 {[%clk 1:30:59]} d5 {[%clk 1:30:39]} 2. c4 {[%clk 1:30:44]} e6
{[%clk 1:31:03]} 3. Nc3 {[%clk 1:31:11]} Nf6 {[%clk 1:31:28]} 4. Bg5
{[%clk 1:31:38]} Be7 {[%clk 1:31:52]} 5. e3 {[%clk 1:32:04]} c6 {[%clk 1:32:13]}
6. Nf3 {[%clk 1:32:18]} O-O {[%clk 1:32:30]} 7. Qc2 {[%clk 1:32:08]} Nbd7
{[%clk 1:32:45]} 8. Rc1 {[%clk 1:31:20]} Re8 {[%clk 1:32:10]} 9. a3
{[%clk 1:31:38]} a5 {[%clk 1:31:19]} 10. h3 {[%clk 1:29:51]} Nf8 {[%clk 1:30:14]}
11. Bf4 {[%clk 1:28:43]} Ng6 {[%clk 1:26:42]} 12. Bh2 {[%clk 1:28:30]} Bd6
{[%clk 1:23:54]} 13. Ne5 {[%clk 1:26:08]} Qe7 {[%clk 1:23:10]} 14. Bd3
{[%clk 1:21:00]} Nd7 {[%clk 1:20:32]} 15. Nxg6 {[%clk 1:17:56]} hxg6
{[%clk 1:20:52]} 16. Bxd6 {[%clk 1:17:51]} Qxd6 {[%clk 1:21:13]} 17. O-O
{[%clk 1:17:31]} Nf6 {[%clk 1:19:37]} 18. f4 {[%clk 1:15:24]} Bd7
{[%clk 1:17:25]} 19. c5 {[%clk 1:08:03]} Qc7 {[%clk 1:16:17]} 20. Na4
{[%clk 1:05:59]} Ra7 {[%clk 1:15:27]} 21. Rf3 {[%clk 1:04:07]} Bc8
{[%clk 1:14:23]} 22. Nb6 {[%clk 1:04:12]} Nd7 {[%clk 1:13:39]} 23. Qb3
{[%clk 1:04:33]} Qd8 {[%clk 1:13:01]} 24. a4 {[%clk 1:02:04]} g5 {[%clk 1:11:57]}
25. Rcf1 {[%clk 0:57:22]} gxf4 {[%clk 1:10:37]} 26. Rxf4 {[%clk 0:50:54]} Re7
{[%clk 1:09:12]} 27. Nxd7 {[%clk 0:49:17]} Bxd7 {[%clk 1:09:14]} 28. Qd1
{[%clk 0:49:41]} g6 {[%clk 1:07:49]} 29. h4 {[%clk 0:49:57]} f5 {[%clk 1:06:00]}
30. R1f3 {[%clk 0:47:37]} Rh7 {[%clk 1:04:12]} 31. Qe1 {[%clk 0:46:47]} Qe7
{[%clk 1:02:03]} 32. Rg3 {[%clk 0:46:16]} Kf7 {[%clk 1:00:11]} 33. Rg5
{[%clk 0:43:48]} Qf6 {[%clk 0:59:04]} 34. g4 {[%clk 0:43:27]} Ra8
{[%clk 0:57:38]} 35. Qg3 {[%clk 0:41:46]} Re8 {[%clk 0:53:38]} 36. Rf3
{[%clk 0:41:07]} Re7 {[%clk 0:52:25]} 37. Qf2 {[%clk 0:32:28]} Ke8
{[%clk 0:43:49]} 38. e4 {[%clk 0:32:05]} dxe4 {[%clk 0:43:35]} 39. Bxe4
{[%clk 0:32:24]} Qh8 {[%clk 0:43:21]} 40. Qg3 {[%clk 0:49:53]} Qxd4+
{[%clk 1:13:05]} 41. Re3 {[%clk 0:48:13]} fxe4 {[%clk 1:12:02]} 42. Rxg6
{[%clk 0:47:51]} Ref7 {[%clk 1:05:36]} 43. Kh2 {[%clk 0:46:32]} Qxc5
{[%clk 1:00:44]} 44. Rc3 {[%clk 0:45:16]} Qd4 {[%clk 0:59:56]} 45. Rg8+
{[%clk 0:41:07]} Ke7 {[%clk 1:00:08]} 46. Rc2 {[%clk 0:39:27]} e3
{[%clk 0:54:36]} 47. h5 {[%clk 0:35:39]} Qf4 {[%clk 0:52:37]} 48. Re2
{[%clk 0:35:05]} Qxg3+ {[%clk 0:50:59]} 49. Kxg3 {[%clk 0:31:38]} Rfg7
{[%clk 0:50:52]} 50. Rxg7+ {[%clk 0:31:39]} Rxg7 {[%clk 0:51:15]} 51. Rxe3
{[%clk 0:31:53]} Be8 {[%clk 0:51:08]} 52. Kf4 {[%clk 0:30:11]} Kf6
{[%clk 0:50:33]} 53. h6 {[%clk 0:26:41]} Rh7 {[%clk 0:49:39]} 54. g5+
{[%clk 0:26:35]} Ke7 {[%clk 0:49:51]} 55. Ke5 {[%clk 0:24:54]} Rf7
{[%clk 0:48:49]} 56. Rh3 {[%clk 0:24:55]} Rf5+ {[%clk 0:45:25]} 57. Kd4
{[%clk 0:24:51]} Rf8 {[%clk 0:42:24]} 58. Rb3 {[%clk 0:23:04]} b5
{[%clk 0:41:43]} 59. axb5 {[%clk 0:20:36]} cxb5 {[%clk 0:42:07]} 60. Rh3
{[%clk 0:20:04]} Bg6 {[%clk 0:40:15]} 61. Rc3 {[%clk 0:16:16]} Rf4+
{[%clk 0:37:32]} 62. Kc5 {[%clk 0:13:59]} b4 {[%clk 0:34:32]} 63. Rg3
{[%clk 0:13:36]} Rf5+ {[%clk 0:34:43]} 64. Kd4 {[%clk 0:13:35]} Kf7
{[%clk 0:34:37]} 65. Rg4 {[%clk 0:13:26]} Bh7 {[%clk 0:34:23]} 66. Kc4
{[%clk 0:12:06]} Kg6 {[%clk 0:32:23]} 67. Re4 {[%clk 0:10:29]} e5
{[%clk 0:29:36]} 68. Kb5 {[%clk 0:10:35]} Rxg5 {[%clk 0:29:14]} 69. Kxa5
{[%clk 0:10:53]} Kxh6 {[%clk 0:27:45]} 70. Rh4+ {[%clk 0:09:58]} Rh5
{[%clk 0:27:18]} 71. Rxb4 {[%clk 0:09:49]} e4+ {[%clk 0:27:32]} 72. Ka4
{[%clk 0:09:59]} Re5 {[%clk 0:27:38]} 73. Rd4 {[%clk 0:09:50]} e3
{[%clk 0:27:43]} 74. Rh4+ {[%clk 0:09:43]} Rh5 {[%clk 0:24:49]} 75. Rb4
{[%clk 0:09:39]} e2 {[%clk 0:22:27]} 76. Rb6+ {[%clk 0:10:05]} Bg6
{[%clk 0:22:48]} 77. Re6 {[%clk 0:10:28]} Rh4+ {[%clk 0:23:11]} 78. b4
{[%clk 0:09:53]} Re4 {[%clk 0:23:30]} 79. Rxe4 {[%clk 0:09:51]} Bxe4
{[%clk 0:23:55]} 80. b5 {[%clk 0:10:21]} e1=Q {[%clk 0:24:09]} 81. b6
{[%clk 0:10:49]} Qb1 {[%clk 0:24:19]} 82. Ka5 {[%clk 0:11:16]} Bb7
{[%clk 0:24:22]} 83. Ka4 {[%clk 0:11:42]} Bc6+ {[%clk 0:24:45]} 84. Ka3
{[%clk 0:12:08]} Bd5 {[%clk 0:24:16]} 85. Ka4 {[%clk 0:12:31]} Qb3+
{[%clk 0:24:10]} 86. Ka5 {[%clk 0:12:57]} Bc4 {[%clk 0:24:28]} 87. b7
{[%clk 0:13:23]} Qb5# {[%clk 0:24:15]} 0-1